TOP 3 Najważniejszych Mistrzostw w Skokach Narciarskich w XXI w. - Statystyki

Ogólne statystyki
  • Ten quiz został rozwiązany 46 razy
  • Średni wynik to 100 z 141
Statystyki odpowiedzi
Impreza Mistrzowska Skoczek % Poprawnych
IO Pjongczang (HS 140) | IO Soczi (HS 106) | IO Soczi (HS 140) | MŚ Predazzo (HS 134) Kamil Stoch
97%
Adam Małysz
94%
Piotr Żyła
94%
MŚ Seffeld (HS 109) Dawid Kubacki
91%
Janne Ahonen
89%
Simon Amman
89%
Stefan Kraft
86%
Thomas Morgenstern
86%
Noriaki Kasai
83%
Peter Prevc
83%
MŚ Falun (HS 134) | MŚ w Lotach Harrachov Severin Freund
83%
Andreas Wellinger
80%
MŚ Oslo (HS 134) | MŚ w Lotach Oberstdorf Gregor Schlierenzauer
80%
IO Pekin (HS 106) Ryoyu Kobayashi
80%
MŚ Lahti (K 116) Martin Schmitt
77%
Halvor Egner Granerud
69%
Timi Zajc
69%
MŚ Predazzo (HS 106) Anders Bardal
66%
MŚ w Lotach Oberstdorf Daniel Andre Tande
66%
Robert Johansson
66%
MŚ w Lotach Vikersund Robert Kranjec
66%
Anze Lanisek
63%
Jakub Janda
63%
Karl Geiger
63%
Markus Eisenbichler
63%
Martin Koch
63%
Richard Freitag
60%
Sven Hannawald
60%
Kilian Peier
57%
IO Pekin (HS 140) | MŚ w Lotach Vikersund Marius Lindvik
57%
Rune Velta
57%
IO Salt Lake City (K 120) | IO Salt Lake City (K 90) | IO Vancouver (HS 106) | +3 others Simon Ammann
57%
Andreas Kofler
54%
Matti Hautamaki
54%
Johann Andre Forfang
51%
MŚ w Lotach Planica | MŚ w Lotach Tauplitz Roar Ljokelsoy
51%
MŚ Liberec (HS 100) Wolfgang Loitzl
51%
Manuel Fettner
49%
MŚ Liberec (HS 134) Andreas Kuttel
46%
Harri Olli
46%
Kenneth Gangnes
40%
MŚ Oberstdorf (HS 100) Rok Benkovic
40%
IO Turyn (HS 106) Lars Bystol
37%
Andreas Widholzl
31%
Andreas Jacobsen
26%
Martin Hollwarth
23%
Tommy Ingebrigtsen
20%
Tami Kiuru
9%
Nie znaleziono quizów pasujących do podanych kryteriów
Rozkład punktacji
Procent ludzi z każdym wynikiem
Percentyl według liczby udzielonych odpowiedzi
Twoja historia wyników
Nie rozwiązałeś tego quizu